000
00213 a2200097 4500
001
31465
100
_a
Holmes, Barry
245
_a
Programming with JAVA
260
_a
New Delhi
_b
CBS
_c
1998
090
_c
21349
_d
21349
942
_a
NUST-CAE
_c
M
_c
12613
999
_c
266538
_d
266538